[Event "DEN-ch MA7 Gr2"]
[Site "Koge"]
[Date "2004.04.12"]
[Round "7"]
[White "Mortensen, Henrik"]
[Black "Jensen, Stig Gorm"]
[Result "1/2-1/2"]
[WhiteElo "2041"]
[BlackElo "2081"]
[PlyCount "129"]
[EventDate "2004.04.06"]
[EventType "tourn"]
[EventRounds "7"]
[EventCountry "DEN"]
[SourceTitle "EXT 2018"]
[Source "ChessBase"]
[SourceDate "2017.10.13"]
[SourceVersion "1"]
[SourceVersionDate "2017.10.13"]
[SourceQuality "1"]

1. f4 Nf6 2. Nf3 d5 3. e3 g6 4. d4 Bg7 5. Bd3 0-0 6. 0-0 b6 7. Qe2 Ne4 8. Nbd2 Nxd2 9. Bxd2 c5 10. c3 Nc6 11. Ne5 Qc7 12. Qf3 Nxe5 13. fxe5 Be6 14. e4 Rad8 15. Bg5 dxe4 16. Qxe4 cxd4 17. cxd4 Qd7 18. Be3 Bf5 19. Rxf5 Qxf5 20. Qxf5 gxf5 21. Bxf5 e6 22. Be4 Rc8 23. Rf1 f5 24. Bd3 Rfd8 25. h3 Rc7 26. Bb1 Kh8 27. a3 f4 28. Bf2 Rc6 29. Ba2 Bh6 30. Bb3 Kg7 31. Re1 Bg5 32. Kf1 Kf7 33. Ke2 Ke7 34. Kf3 h5 35. Ke4 Rdc8 36. Re2 Rc1 37. Be1 Kf7 38. d5 exd5+ 39. Bxd5+ Kg6 40. Bb3 a5 41. Kf3 Rd8 42. Bc2+ Kf7 43. Bf2 Rf1 44. Ke4 f3 45. gxf3 Rd2 46. Rxd2 Bxd2 47. Bxb6 Bc1 48. Bxa5 Bxb2 49. Bb3+ Ke8 50. Bb4 Rf2 51. Bc4 Rh2 52. Bb5+ Kd8 53. e6 Bf6 54. Kf5 Be7 55. Ba5+ Kc8 56. a4 Rxh3 57. Bc6 Rh2 58. Kg6 h4 59. Kf7 Bd6 60. e7 Bxe7 61. Kxe7 Re2+ 62. Kf6 h3 63. f4 h2 64. f5 Rc2 65. Bf3 1/2-1/2

[Event "DEN-ch MA7 Gr2"]
[Site "Koge"]
[Date "2004.04.10"]
[Round "5"]
[White "Jensen, Stig Gorm"]
[Black "Jensen, Morten Frank"]
[Result "1-0"]
[WhiteElo "2081"]
[BlackElo "2040"]
[PlyCount "125"]
[EventDate "2004.04.06"]
[EventType "tourn"]
[EventRounds "7"]
[EventCountry "DEN"]
[SourceTitle "EXT 2018"]
[Source "ChessBase"]
[SourceDate "2017.10.13"]
[SourceVersion "1"]
[SourceVersionDate "2017.10.13"]
[SourceQuality "1"]

1. e4 Nc6 2. Nf3 d6 3. d4 Bg4 4. Bb5 a6 5. Ba4 b5 6. Bb3 e6 7. d5 Ne5 8. h3 Bxf3 9. gxf3 c5 10. dxc6 Nxc6 11. Nc3 Nf6 12. Bg5 Be7 13. Rg1 Kf8 14. Qd2 Ne5 15. Qe2 Qc7 16. 0-0-0 Nh5 17. Bxe7+ Qxe7 18. Qe3 Qc7 19. f4 Nc4 20. Bxc4 bxc4 21. Qf3 g6 22. f5 Ke7 23. Qe3 Rab8 24. Qg5+ Kd7 25. fxe6+ fxe6 26. Qe3 Qb6 27. Qxb6 Rxb6 28. Rd4 Rc6 29. e5 d5 30. f4 Rf8 31. Ne2 Rc7 32. b3 c3 33. Rg4 Ke7 34. Ra4 Rc6 35. Nd4 Rb6 36. Nf3 Kf7 37. Kd1 Kg8 38. Ke2 a5 39. a3 Rc8 40. Ke3 Rxb3 41. cxb3 c2 42. Rg1 c1Q+ 43. Rxc1 Rxc1 44. Nd4 Rc3+ 45. Kd2 Rxh3 46. Nxe6 Rxb3 47. Rxa5 Rb6 48. Ra8+ Kf7 49. Ng5+ Kg7 50. Ra7+ Kg8 51. Nxh7 Rb3 52. Kc2 Rf3 53. e6 Rxf4 54. Ng5 Kf8 55. a4 Rg4 56. Nh7+ Ke8 57. a5 Rg2+ 58. Kc3 g5 59. Kd4 g4 60. Ke5 Rc2 61. Kd6 Rc8 62. Re7+ Kd8 63. Rf7 1-0

[Event "DEN-ch MA7 Gr2"]
[Site "Koge"]
[Date "2004.04.09"]
[Round "4"]
[White "Jensen, Lars Max"]
[Black "Jensen, Stig Gorm"]
[Result "1-0"]
[WhiteElo "2081"]
[BlackElo "2081"]
[PlyCount "81"]
[EventDate "2004.04.06"]
[EventType "tourn"]
[EventRounds "7"]
[EventCountry "DEN"]
[SourceTitle "EXT 2018"]
[Source "ChessBase"]
[SourceDate "2017.10.13"]
[SourceVersion "1"]
[SourceVersionDate "2017.10.13"]
[SourceQuality "1"]

1. e4 e5 2. Nf3 f5 3. Nxe5 Nc6 4. d4 Nf6 5. Nxc6 dxc6 6. e5 Nd5 7. c4 Nb6 8. Be2 Be6 9. b3 Qh4 10. g3 Bb4+ 11. Kf1 Qh3+ 12. Kg1 Be7 13. Bf1 Qg4 14. Qxg4 fxg4 15. h4 0-0-0 16. Be3 h5 17. Nc3 Bf5 18. Bg2 Bb4 19. Be4 Bxc3 20. Bxf5+ Kb8 21. Rd1 c5 22. d5 Bxe5 23. Bxc5 Nc8 24. Kg2 Nd6 25. Bb1 b6 26. Be3 Bf6 27. Bf4 Nf7 28. Rde1 g5 29. hxg5 Nxg5 30. Bxg5 Bxg5 31. Re5 Rdg8 32. Bf5 Bf6 33. Re4 Rg5 34. Be6 Re5 35. Rxe5 Bxe5 36. Bf7 Rf8 37. Bxh5 Bd4 38. Rf1 Rf3 39. Bxg4 Rd3 40. Rd1 Rxd1 41. Bxd1 1-0

[Event "DEN-ch MA7 Gr2"]
[Site "Koge"]
[Date "2004.04.06"]
[Round "1"]
[White "Jensen, Stig Gorm"]
[Black "Lilja, Richard"]
[Result "0-1"]
[WhiteElo "2081"]
[BlackElo "2106"]
[PlyCount "69"]
[EventDate "2004.04.06"]
[EventType "tourn"]
[EventRounds "7"]
[EventCountry "DEN"]
[SourceTitle "EXT 2018"]
[Source "ChessBase"]
[SourceDate "2017.10.13"]
[SourceVersion "1"]
[SourceVersionDate "2017.10.13"]
[SourceQuality "1"]

1. e4 c5 2. Nf3 d6 3. d4 cxd4 4. Qxd4 Nc6 5. Bb5 Bd7 6. Bxc6 Bxc6 7. Nc3 Nf6 8. Bg5 e5 9. Qd3 Qa5 10. Bxf6 gxf6 11. 0-0 Rg8 12. Nh4 Rd8 13. Nd5 Bxd5 14. exd5 Rg4 15. Nf5 Rc8 16. Ne3 Rg6 17. a4 Rc5 18. c3 Qc7 19. Ra3 Qd7 20. b4 Rc8 21. Qb5 a6 22. Qd3 Bh6 23. Nf5 Bf4 24. g3 Rg5 25. Nxd6+ Qxd6 26. Kh1 Rg4 27. f3 Rg5 28. gxf4 exf4 29. c4 Re5 30. Raa1 Qxb4 31. d6 Rd8 32. Rab1 Qxd6 33. Qxh7 Qc6 34. Qh4 Rd4 35. Qxf6 0-1